000 015150000a22002770004500
003 EG-GICUC
005 20250223025251.0
008 080512s2002 ua f m 000 0 ara d
040 _aEG-GICUC
_bara
_cEG-GICUC
041 0 _aAra
049 _aاهداء
097 _aماجستير
099 _aCai01.05.02.M.Sc.2002.رز.ا
100 0 _aرزق ابوزيد يوسف الشحنة
245 1 0 _aاستخدام نموذج البرمجة العددية المختلطة فى تقييم نظام الرقابة الداخلية بمنظمات الاعمال لخدمة المراجع الخارجى :
_bدراسة تحليلية ميدانية /
_cرزق ابوزيد يوسف الشحنة ؛ اشراف محمد عبدالرحمن العايدى : محسن محمد على اليمانى
246 1 5 _aUsing the mixed integer programming model for evaluation the internal control system in a business organizations to help the external auditor :
_bAnalyical applied study
260 _aبورسعيد :
_bرزق ابوزيد يوسف الشحنة :
_c2002
300 _a183ص ؛
_c25سم
502 _aاطروحة (ماجستير) - جامعة قناة السويس - كلية التجارة ببورسعيد - قسم المحاسبة
700 0 _aمحسن محمد على اليمانى :
_eمشرف
700 0 _aمحمد عبدالرحمن العايدى :
_eمشرف
856 _uhttp://172.23.153.220/th.pdf
905 _aFatma
_eCataloger
905 _aNazla
_eRevisor
942 _2ddc
_cTH
999 _c9269
_d9269